<?xml version="1.0" encoding="UTF-8"?>
<record
    xmlns:xsi="http://www.w3.org/2001/XMLSchema-instance"
    xsi:schemaLocation="http://www.loc.gov/MARC21/slim http://www.loc.gov/standards/marcxml/schema/MARC21slim.xsd"
    xmlns="http://www.loc.gov/MARC21/slim">

  <leader>01469nam a2200217 i 4500</leader>
  <controlfield tag="001">44716</controlfield>
  <controlfield tag="003">ES-MaACL</controlfield>
  <controlfield tag="005">20260617125143.0</controlfield>
  <controlfield tag="007">t|</controlfield>
  <controlfield tag="008">030324s1956    fr           ||||1| fre d</controlfield>
  <datafield tag="100" ind1=" " ind2=" ">
    <subfield code="a">Claudel, Paul,</subfield>
    <subfield code="d">1868-1955</subfield>
    <subfield code="9">239252</subfield>
  </datafield>
  <datafield tag="245" ind1="1" ind2="0">
    <subfield code="a">Th&#xE9;&#xE2;tre /</subfield>
    <subfield code="c">Paul Claudel ; introduction et chronologie de la vie et de l'oeuvre par Jacques Madaule.</subfield>
  </datafield>
  <datafield tag="260" ind1=" " ind2=" ">
    <subfield code="a">Paris :</subfield>
    <subfield code="b">Gallimard :</subfield>
    <subfield code="b">Bruges,</subfield>
    <subfield code="c">[1956] (</subfield>
    <subfield code="f">Imp. Sainte Catherine)</subfield>
  </datafield>
  <datafield tag="300" ind1=" " ind2=" ">
    <subfield code="a">2 t. ;</subfield>
    <subfield code="c">18 cm.</subfield>
  </datafield>
  <datafield tag="490" ind1="1" ind2=" ">
    <subfield code="a">Biblioth&#xE8;que de la Pl&#xE9;iade ;</subfield>
    <subfield code="v">72,73</subfield>
  </datafield>
  <datafield tag="505" ind1="8" ind2=" ">
    <subfield code="a">Contiene: T.I: L'endormie. Fragment d'un drame. T&#xEA;te d'or : premi&#xE8;re version. La ville : premi&#xE8;re version. La jeune fille Violaine : premi&#xE8;re version (1892). L'echange : premi&#xE8;re version. Le repos du septi&#xE8;me jour. Agamenon d'Eschyle. Les Cho&#xE9;phores d'Eschyle. Partage de midi : premi&#xE8;re version. -- T.II: L'Annonce faite &#xE1; Marie. L'otage. Prot&#xE9;es. Le pain dur. Le p&#xE8;re humili&#xE8;. La nuit de No&#xEA;l. L'ours et la lune. L'homme et son d&#xE9;sir. La femme et son ombre. Le soulier de satin. La parabole du festin. La sagesse ou la parabole du festin. Sous le rempart d'Ath&#xE8;nes. Le livre de Christophe Colomb. Jeanne d'Arc au b&#xFB;cher. L'histoire de Tobie et de Sara. La lune a la recherche d'ellem&#xEA;me. Le jet de Pierre. Le ravissement de Scapin</subfield>
  </datafield>
  <datafield tag="700" ind1="1" ind2=" ">
    <subfield code="a">Madaule, Jacques.</subfield>
    <subfield code="9">75300</subfield>
  </datafield>
  <datafield tag="830" ind1="0" ind2=" ">
    <subfield code="a">Biblioth&#xE8;que de la Pl&#xE9;iade ;</subfield>
    <subfield code="v">72,73</subfield>
    <subfield code="9">180233</subfield>
  </datafield>
  <datafield tag="852" ind1=" " ind2=" ">
    <subfield code="a">ES-MaACL</subfield>
    <subfield code="j">C-15274-5</subfield>
    <subfield code="b">R.43372</subfield>
  </datafield>
  <datafield tag="999" ind1=" " ind2=" ">
    <subfield code="c">44716</subfield>
    <subfield code="d">44716</subfield>
  </datafield>
  <datafield tag="952" ind1=" " ind2=" ">
    <subfield code="0">0</subfield>
    <subfield code="1">0</subfield>
    <subfield code="4">0</subfield>
    <subfield code="7">0</subfield>
    <subfield code="a">ATENEOM</subfield>
    <subfield code="b">ATENEOM</subfield>
    <subfield code="c">FICH</subfield>
    <subfield code="d">2008-01-17</subfield>
    <subfield code="e">SC</subfield>
    <subfield code="l">0</subfield>
    <subfield code="o">C-15274-5</subfield>
    <subfield code="p">1047062</subfield>
    <subfield code="r">2023-02-23 00:00:00</subfield>
    <subfield code="w">2023-02-23</subfield>
    <subfield code="y">MONOGRAFIA</subfield>
  </datafield>
</record>
